000 00504nam a2200169Ia 4500
003 LK-CoDNM
008 010623t2010 xxu||||| |||| 00| 1 sin d
040 _aLK-CoDNM
_dLK-CoDNM
_eLK-CoDNM
041 _asin
080 _aX82-9 PRE
100 _aPremarathna,K.G.
245 _aපුරාතන ගද්‍ය සංග්‍ර‍හය විචාරය
246 _aPurathana Gadya Sangrahaya Vicharaya
260 _bPradeepa Prakasakayo
_aColombo
_c2010
300 _b80, 21 cm
942 _cBK
999 _c130041
_d130041